Largest Countries Apart From Germany That.... - Statistics

General Stats
  • This quiz has been taken 59 times
    39 since last reset
  • The average score is 13 of 25
Answer Stats
Hint Answer % Correct
Begin With G Ghana
83%
Have 6 Letter Capital Russia
80%
Border Poland Russia
80%
Border Poland Belarus
71%
Begin With G Greece
71%
Border Poland Lithuania
69%
Border Poland Czech Republic
66%
Begin With G Guinea
66%
Border Poland Ukraine
66%
Have Yellow In Flag China
63%
Begin With G Gabon
63%
Have Yellow In Flag Brazil
57%
Have 6 Letter Capital Canada
46%
Begin With G Guyana
46%
Contain Letter Y Egypt
43%
Contain Letter Y Turkey
37%
Have 6 Letter Capital Kazakhstan
34%
Have Yellow In Flag Kazakhstan
34%
Have 6 Letter Capital Libya
34%
Contain Letter Y Libya
34%
Have Yellow In Flag Democratic Republic Of The Congo
29%
Have Yellow In Flag Mongolia
29%
Contain Letter Y Kenya
23%
Contain Letter Y Myanmar
20%
Have 6 Letter Capital Saudi Arabia
14%
No matching quizzes found
Score Distribution
Percent of People with Each Score
Percentile by Number Answered
Your Score History
You have not taken this quiz since the last reset